[Event "Pyramiden Cup 2016"]
[Site "Fuerth"]
[Date "2016.09.03"]
[Round "6.9"]
[White "Gibicar, Danijel"]
[Black "Bunk, Karsten"]
[Result "1/2-1/2"]
[WhiteElo "2278"]
[BlackElo "2093"]
[PlyCount "91"]
[EventDate "2016.??.??"]
[WhiteTeam "SC Eppingen"]
[BlackTeam "SW Nürnberg Süd"]

1. e4 g6 2. d4 Nf6 3. Nc3 d5 4. e5 Nh5 5. g4 Ng7 6. Bg2 c6 7. Be3 h5 8. h3 hxg4
9. hxg4 Rxh1 10. Bxh1 Be6 11. f4 Na6 12. Qe2 Qd7 13. Bf3 O-O-O 14. O-O-O Ne8
15. Nh3 f5 16. g5 Bg7 17. Nf2 Nec7 18. Nd3 Rh8 19. Rh1 Qd8 20. Rxh8 Qxh8 21. a4
Kd8 22. b4 b6 23. b5 Nb8 24. Nb4 Bc8 25. bxc6 e6 26. Nb5 a5 27. Nd6 Ke7 28.
Nxc8+ Qxc8 29. Na2 Nxc6 30. Qd3 Kf7 31. Qb3 Qa6 32. Kd2 b5 33. Be2 bxa4 34.
Qxa4 Qb6 35. Ke1 Bf8 36. Kf2 Nb4 37. Qd7+ Be7 38. Nxb4 axb4 39. Bh5 gxh5 40.
g6+ Kxg6 41. Qxe7 Qc6 42. Qf6+ Kh7 43. Qf7+ Kh6 44. Qf6+ Kh7 45. Qf7+ Kh6 46.
Qf6+ 1/2-1/2

[Event "Pyramiden Cup 2016"]
[Site "Fuerth"]
[Date "2016.09.03"]
[Round "6.10"]
[White "Muckle, Julius"]
[Black "Steinbacher, Matthias"]
[Result "1-0"]
[WhiteElo "2196"]
[BlackElo "2182"]
[PlyCount "75"]
[EventDate "2016.??.??"]
[WhiteTeam "SK Ludwigshafen"]
[BlackTeam "vereinslos"]

1. d4 d6 2. c4 Nf6 3. Nc3 Bf5 4. f3 e5 5. e4 exd4 6. Nce2 Be6 7. Nxd4 c6 8.
Nxe6 fxe6 9. Qb3 Nbd7 10. Qxb7 d5 11. Bd2 Rb8 12. Qxc6 Rb6 13. Qa4 Rxb2 14. e5
Qb8 15. exf6 Rxd2 16. f7+ Kxf7 17. Qxd7+ Kf6 18. Be2 Qb4 19. Kf1 Bc5 20. Re1
Bb6 21. Qb5 Qc3 22. Nh3 Rd8 23. cxd5 R8xd5 24. Qc4 Qb2 25. Qh4+ Kf7 26. Ng5+
Rxg5 27. Qxg5 Qd4 28. Qg3 e5 29. h4 h5 30. a4 a5 31. f4 e4 32. Bxh5+ Kf8 33.
Be2 Kg8 34. h5 Kh8 35. h6 g6 36. h7 Bc5 37. f5 Ba7 38. Rd1 1-0

[Event "Pyramiden Cup 2016"]
[Site "Fuerth"]
[Date "2016.09.03"]
[Round "6.11"]
[White "Willim, Michael"]
[Black "Belezky, Alexander"]
[Result "0-1"]
[WhiteElo "2085"]
[BlackElo "2414"]
[PlyCount "64"]
[EventDate "2016.??.??"]
[WhiteTeam "SC Erlangen"]
[BlackTeam "FC Bayern München"]

1. d4 Nf6 2. c4 e6 3. Nc3 Bb4 4. e3 O-O 5. Nge2 c6 6. a3 Ba5 7. b4 Bc7 8. Ng3
d6 9. Bd3 e5 10. O-O a6 11. Qc2 h6 12. dxe5 dxe5 13. Rd1 Qe7 14. Bb2 Bg4 15. f3
Be6 16. Nf5 Bxf5 17. Bxf5 a5 18. c5 Na6 19. Qb3 b6 20. cxb6 Bxb6 21. bxa5 Ba7
22. Qc4 Bxe3+ 23. Kh1 Qc5 24. Qe2 Bd4 25. Na4 Qxa5 26. Bxd4 exd4 27. Bc2 c5 28.
Nb2 Rfe8 29. Qc4 Nc7 30. Nd3 Ncd5 31. Bb3 Rac8 32. h3 Re7 0-1

[Event "Pyramiden Cup 2016"]
[Site "Fuerth"]
[Date "2016.09.03"]
[Round "6.12"]
[White "Hacker, Jonas"]
[Black "Eck, Mathias"]
[Result "1-0"]
[WhiteElo "2336"]
[BlackElo "2080"]
[PlyCount "115"]
[EventDate "2016.??.??"]
[WhiteTeam "SC Eppingen"]
[BlackTeam "SF Darmstadt"]

1. e4 e5 2. Nf3 Nc6 3. Bb5 a6 4. Ba4 Nf6 5. O-O Be7 6. Re1 b5 7. Bb3 O-O 8. h3
d6 9. c3 Nb8 10. d4 Nbd7 11. Nbd2 Bb7 12. Bc2 Re8 13. Nf1 Bf8 14. Ng3 g6 15.
Bg5 h6 16. Bd2 c6 17. a4 Qc7 18. axb5 axb5 19. Rxa8 Bxa8 20. Qc1 Kh7 21. Bb3
Nb6 22. Qd1 Bb7 23. h4 Bc8 24. h5 Be6 25. hxg6+ fxg6 26. Bc2 Bg4 27. Bc1 Bg7
28. Qd3 Be6 29. Nh2 Bc4 30. Qd1 Be6 31. f4 exf4 32. Bxf4 Qd7 33. Nf3 Rf8 34.
Bc1 Ng4 35. b3 c5 36. Qd3 c4 37. bxc4 Bxc4 38. Qd1 b4 39. cxb4 Qb5 40. e5 dxe5
41. Ng5+ hxg5 42. Qxg4 Qxb4 43. Rd1 Bf7 44. Ne4 Bh6 45. dxe5 Qc4 46. Nf6+ Kg7
47. Qxc4 Bxc4 48. Rd6 Nd5 49. Nxd5 Rf1+ 50. Kh2 Rxc1 51. Rxg6+ Kf8 52. Rf6+ Kg7
53. Ne3 Rxc2 54. Nxc2 g4 55. Nd4 Bg5 56. Rc6 Bd5 57. Rd6 Be4 58. Ne6+ 1-0

[Event "Pyramiden Cup 2016"]
[Site "Fuerth"]
[Date "2016.09.03"]
[Round "6.13"]
[White "Turner, Radek"]
[Black "Giessmann, Stephan"]
[Result "1/2-1/2"]
[WhiteElo "2055"]
[BlackElo "2252"]
[PlyCount "74"]
[EventDate "2016.??.??"]
[WhiteTeam "RT Regensburg"]
[BlackTeam "SK Kelheim"]

1. c4 c6 2. g3 d5 3. Bg2 Nf6 4. Nf3 Bf5 5. cxd5 cxd5 6. Qb3 Qc8 7. Nc3 e6 8. d3
Nc6 9. Bg5 Be7 10. O-O O-O 11. Rac1 Bg4 12. Nb5 Qd7 13. Nbd4 Nxd4 14. Nxd4 Rac8
15. h3 Bh5 16. g4 Bg6 17. Bf4 Rxc1 18. Rxc1 Rc8 19. Rc3 a6 20. Nf3 Rxc3 21.
Qxc3 Qd8 22. Ne5 Nd7 23. Nxg6 hxg6 24. d4 Nf6 25. Qc7 Qxc7 26. Bxc7 Kf8 27. Ba5
Ke8 28. f3 Bd8 29. Bc3 Bb6 30. Kf1 Kd7 31. e4 Kc6 32. a4 Bc7 33. e5 Nd7 34. f4
b5 35. axb5+ Kxb5 36. Ke1 Ba5 37. Bf1+ Kb6 1/2-1/2

[Event "Pyramiden Cup 2016"]
[Site "Fuerth"]
[Date "2016.09.03"]
[Round "6.14"]
[White "Dorst, Johannes"]
[Black "Beesk, Kevin"]
[Result "1-0"]
[WhiteElo "2215"]
[BlackElo "1965"]
[PlyCount "119"]
[EventDate "2016.??.??"]
[WhiteTeam "SK Marburg"]
[BlackTeam "SK Neumarkt"]

1. e4 c5 2. Nf3 e6 3. d4 cxd4 4. Nxd4 Nc6 5. Nc3 Qc7 6. Be3 a6 7. Qd2 Nf6 8. f4
b5 9. e5 b4 10. exf6 bxc3 11. bxc3 gxf6 12. Be2 Bb7 13. O-O Rg8 14. Rf2 Rb8 15.
Qd3 Ne7 16. c4 Ng6 17. Bf1 h5 18. Rd1 Bh6 19. Qd2 Rd8 20. h3 Ne7 21. f5 Bxe3
22. Qxe3 e5 23. Nb3 Rg5 24. Qc5 Rc8 25. Qd6 Qxd6 26. Rxd6 Rc6 27. Rd3 Rc7 28.
Rd6 Rc6 29. Rxc6 Bxc6 30. Nc5 a5 31. Bd3 d5 32. cxd5 Bxd5 33. a4 Kd8 34. Bb5
Kc7 35. Nd7 Nxf5 36. Nxf6 Be6 37. Be2 Ng7 38. Ne4 Rf5 39. Bf3 f6 40. Rd2 Ne8
41. Rd3 Bd7 42. Rc3+ Kb6 43. Rb3+ Kc7 44. Nc5 Nd6 45. Rc3 Kd8 46. Nxd7 Kxd7 47.
Rc5 e4 48. Rxf5 Nxf5 49. Bxe4 Ng3 50. Bd3 h4 51. Kf2 Kd6 52. Kf3 Kc5 53. Kg4
Kb4 54. Kxh4 Nh1 55. Bb5 Nf2 56. c4 Ne4 57. Kg4 Nc5 58. h4 Nxa4 59. Bxa4 Kxa4
60. h5 1-0

[Event "Pyramiden Cup 2016"]
[Site "Fuerth"]
[Date "2016.09.03"]
[Round "6.15"]
[White "Guenther, Patrick"]
[Black "Schulz, Lukas"]
[Result "0-1"]
[WhiteElo "2013"]
[BlackElo "2147"]
[PlyCount "100"]
[EventDate "2016.??.??"]
[WhiteTeam "Elmshorner SC"]
[BlackTeam "SC Forchheim"]

1. e4 c5 2. Nf3 a6 3. c3 d6 4. d4 cxd4 5. cxd4 g6 6. Nc3 Bg7 7. h3 Nf6 8. Bd3
O-O 9. O-O Nc6 10. Re1 e5 11. d5 Ne7 12. a4 Nd7 13. b4 f5 14. Ng5 Nf6 15. Bf1
h6 16. Ne6 Bxe6 17. dxe6 fxe4 18. Nxe4 Nxe4 19. Rxe4 d5 20. Re1 Qb6 21. Be3
Qxe6 22. Qb3 Kh7 23. Rad1 Rf7 24. a5 Qf5 25. Rxd5 Nxd5 26. Qxd5 Rd7 27. Qc5 Bf8
28. Qc4 Rdd8 29. g4 Qd7 30. Bg2 Rac8 31. Qe4 Re8 32. h4 Kg7 33. h5 gxh5 34.
gxh5 Qf7 35. Qg4+ Kh8 36. Rd1 Rc4 37. Rd7 Rxg4 38. Rxf7 Rg7 39. Rxg7 Kxg7 40.
Bxb7 Bxb4 41. Bxa6 Bxa5 42. Kg2 Rf8 43. Bd3 Bd8 44. Be4 Bg5 45. Bb6 Bf4 46. f3
Kf6 47. Bc5 Rb8 48. Kh3 Rb2 49. Bf8 Kg5 50. Be7+ Kxh5 0-1

[Event "Pyramiden Cup 2016"]
[Site "Fuerth"]
[Date "2016.09.03"]
[Round "6.16"]
[White "Cofman, Veaceslav"]
[Black "Woerl, Richard"]
[Result "1-0"]
[WhiteElo "2145"]
[BlackElo "2050"]
[PlyCount "49"]
[EventDate "2016.??.??"]
[WhiteTeam "SC Untergrombach"]
[BlackTeam "SW Nürnberg Süd"]

1. d4 Nf6 2. c4 e6 3. Nc3 d5 4. Bg5 Be7 5. e3 O-O 6. Nf3 b6 7. Bd3 Bb7 8. Bxf6
Bxf6 9. cxd5 exd5 10. Qc2 h6 11. O-O-O c5 12. dxc5 Nd7 13. Kb1 Rc8 14. Nxd5
Rxc5 15. Nxf6+ Qxf6 16. Qa4 Bc6 17. Qd4 Qe6 18. Ka1 Bd5 19. b4 Rc7 20. Qxd5
Rc1+ 21. Bb1 Qxd5 22. Rxd5 Rxh1 23. Rxd7 Rc8 24. Kb2 Rf1 25. Rd2 1-0

[Event "Pyramiden Cup 2016"]
[Site "Fuerth"]
[Date "2016.09.03"]
[Round "6.17"]
[White "Wagner, Florian"]
[Black "Kornitzky, Tino"]
[Result "0-1"]
[WhiteElo "2126"]
[BlackElo "2045"]
[PlyCount "70"]
[EventDate "2016.??.??"]
[WhiteTeam "SC NT Nürnberg"]
[BlackTeam "SC Erlangen"]

1. d4 d5 2. c4 e6 3. Nc3 Nf6 4. cxd5 exd5 5. Bg5 Nbd7 6. e3 c6 7. Bd3 Be7 8.
Qc2 Nh5 9. Bxe7 Qxe7 10. O-O-O g6 11. g4 Ng7 12. Nge2 Nb6 13. h3 Be6 14. f3
O-O-O 15. Nf4 Kb8 16. Rhe1 Qc7 17. b4 Qd6 18. a3 h5 19. Kb2 hxg4 20. hxg4 g5
21. Ng2 Qg3 22. Rf1 Rh2 23. Rd2 f5 24. f4 fxg4 25. fxg5 Bf5 26. e4 dxe4 27.
Nxe4 Bxe4 28. Bxe4 Ne6 29. g6 Ng5 30. g7 Nxe4 31. Rf8 Na4+ 32. Ka2 Nec3+ 33.
Kb3 Qd6 34. g8=Q Rxf8 35. Qg7 Qd5# 0-1

[Event "Pyramiden Cup 2016"]
[Site "Fuerth"]
[Date "2016.09.03"]
[Round "6.18"]
[White "Meulner, Klaus"]
[Black "Gerl, Hans"]
[Result "0-1"]
[WhiteElo "2124"]
[BlackElo "2022"]
[PlyCount "116"]
[EventDate "2016.??.??"]
[WhiteTeam "SW Nürnberg Süd"]
[BlackTeam "SK Zirndorf"]

1. d4 Nf6 2. c4 e6 3. Nf3 b6 4. g3 Bb7 5. Bg2 Be7 6. O-O O-O 7. Re1 d6 8. d5
exd5 9. Nh4 c6 10. cxd5 Nxd5 11. Nf5 Nc7 12. e4 Nba6 13. Bf4 Ne8 14. e5 d5 15.
Qg4 Bc8 16. Nc3 Nc5 17. Rad1 g6 18. Nxe7+ Qxe7 19. Qe2 Ng7 20. Bh6 Be6 21. h4
Rfe8 22. b4 Nd7 23. b5 Rac8 24. bxc6 Rxc6 25. Nxd5 Bxd5 26. Bxd5 Rc7 27. e6
fxe6 28. Qb2 Qf6 29. Qxf6 Nxf6 30. Bb3 Kf7 31. Rd2 Rec8 32. Kg2 b5 33. Bxg7
Kxg7 34. Rxe6 a5 35. Rde2 a4 36. Re7+ Kh6 37. Rxc7 Rxc7 38. Be6 Rc5 39. g4 Kg7
40. Kg3 h6 41. f3 Ne8 42. Bd7 Nf6 43. Be6 Ne8 44. Rd2 Nf6 45. Kf4 g5+ 46. Kg3
gxh4+ 47. Kxh4 Rc3 48. f4 Re3 49. Bf5 b4 50. Rd4 Ra3 51. g5 hxg5+ 52. fxg5 Ng8
53. Rd7+ Kf8 54. Rd8+ Kg7 55. Rd7+ Kf8 56. Be6 Ne7 57. Rb7 Re3 58. Bc4 Re4+ 0-1

[Event "Pyramiden Cup 2016"]
[Site "Fuerth"]
[Date "2016.09.03"]
[Round "6.19"]
[White "Tong, Kevin"]
[Black "Pfadenhauer, Johannes"]
[Result "1/2-1/2"]
[WhiteElo "2049"]
[BlackElo "2061"]
[PlyCount "116"]
[EventDate "2016.??.??"]
[WhiteTeam "SC Erlangen"]
[BlackTeam "TSV Bindlach"]

1. e4 c5 2. Nf3 Nc6 3. d4 cxd4 4. Nxd4 g6 5. c4 Nf6 6. Nc3 Nxd4 7. Qxd4 d6 8.
Be2 Bg7 9. Be3 O-O 10. Qd2 a5 11. O-O a4 12. Rfd1 Qa5 13. Bd4 Be6 14. f3 Rfc8
15. Nd5 Bxd5 16. exd5 Qxd2 17. Rxd2 Nd7 18. Kf2 Ra5 19. Bxg7 Kxg7 20. Ke3 Re8
21. f4 f5 22. Bf3 Rc8 23. Kd4 b5 24. Rc1 Nb6 25. b3 axb3 26. axb3 b4 27. Re2
Kf8 28. g4 Ra3 29. Rb2 Nd7 30. gxf5 gxf5 31. Rg1 Nc5 32. Bd1 Kf7 33. Rg3 Kf6
34. Rh3 e5+ 35. fxe5+ dxe5+ 36. Ke3 f4+ 37. Kf3 Ra1 38. Bc2 Rg8 39. Rh6+ Ke7
40. Rxh7+ Kd8 41. Bf5 Rgg1 42. d6 Raf1+ 43. Rf2 e4+ 44. Bxe4 Nxe4 45. Rxf1 Nd2+
46. Ke2 Nxf1 47. Kf2 Rh1 48. Kg2 Ng3 49. Rf7 Rb1 50. hxg3 Rb2+ 51. Kf3 fxg3 52.
Kxg3 Rxb3+ 53. Kf4 Rc3 54. Rc7 b3 55. Ke5 b2 56. Rb7 Rxc4 57. Rxb2 Rc1 58. Rb7
Re1+ 1/2-1/2

[Event "Pyramiden Cup 2016"]
[Site "Fuerth"]
[Date "2016.09.03"]
[Round "6.20"]
[White "Riedel, Lutz"]
[Black "Walter, Thomas"]
[Result "1-0"]
[WhiteElo "2033"]
[BlackElo "2177"]
[PlyCount "47"]
[EventDate "2016.??.??"]
[WhiteTeam "SK Krumbach"]
[BlackTeam "SC Erlangen"]

1. Nf3 c5 2. g3 b6 3. Bg2 Bb7 4. O-O g6 5. c3 Bg7 6. d4 e6 7. Bf4 Ne7 8. dxc5
bxc5 9. Qb3 Qb6 10. Nbd2 d5 11. h4 h6 12. Be5 f6 13. Bd6 Nd7 14. Bxe7 Kxe7 15.
Qc2 f5 16. Rab1 Rac8 17. Rfe1 Bf6 18. c4 Kf7 19. cxd5 Bxd5 20. e4 Ba8 21. Nc4
Qa6 22. exf5 gxf5 23. Qd3 Kg7 24. Qxd7+ 1-0

[Event "Pyramiden Cup 2016"]
[Site "Fuerth"]
[Date "2016.09.03"]
[Round "6.21"]
[White "Walter, Stefan"]
[Black "Saathoff, Richard"]
[Result "0-1"]
[WhiteElo "1934"]
[BlackElo "2119"]
[PlyCount "52"]
[EventDate "2016.??.??"]
[WhiteTeam "SG Fürth"]
[BlackTeam "SW Nürnberg Süd"]

1. e4 e5 2. Nf3 Nc6 3. Bc4 Nf6 4. Ng5 d5 5. exd5 b5 6. Bf1 h6 7. Nxf7 Kxf7 8.
dxc6 Bc5 9. Bxb5 Bxf2+ 10. Kxf2 Qd4+ 11. Ke1 Qh4+ 12. Kf1 Rf8 13. Qe1 Qd4 14.
Qf2 Qb4 15. Qe2 Be6 16. Nc3 a6 17. Ba4 Kg6 18. Ke1 e4 19. Rf1 Bc4 20. Rxf6+
Rxf6 21. Qg4+ Kf7 22. d3 exd3 23. Be3 d2+ 24. Kxd2 Rd8+ 25. Qd7+ Rxd7+ 26. cxd7
Qd6+ 0-1

[Event "Pyramiden Cup 2016"]
[Site "Fuerth"]
[Date "2016.09.03"]
[Round "6.22"]
[White "Kreyssig, Bruno"]
[Black "Braun, Kristin"]
[Result "1-0"]
[WhiteElo "2226"]
[BlackElo "1853"]
[PlyCount "59"]
[EventDate "2016.??.??"]
[WhiteTeam "SG Leipzig"]
[BlackTeam "SC Forchheim"]

1. e4 c5 2. Nf3 d6 3. d4 cxd4 4. Nxd4 Nf6 5. Nc3 g6 6. Be3 Bg7 7. f3 O-O 8. Qd2
Nc6 9. g4 Bd7 10. h4 h5 11. gxh5 Nxh5 12. O-O-O Rc8 13. Kb1 Ne5 14. Bh6 Nc4 15.
Bxc4 Rxc4 16. Bxg7 Kxg7 17. Nde2 b5 18. Nf4 Nxf4 19. Qxf4 Rc5 20. Nd5 e6 21.
Ne3 Qc7 22. Ng4 Rh8 23. Rxd6 Rch5 24. Qf6+ Kg8 25. Ne5 Be8 26. Rd8 Kh7 27. f4
Rg8 28. Rhd1 a5 29. Rxe8 Rxe8 30. Rd7 1-0

[Event "Pyramiden Cup 2016"]
[Site "Fuerth"]
[Date "2016.09.03"]
[Round "6.23"]
[White "Bildt, Maximilian"]
[Black "Brunsch, Michael"]
[Result "1-0"]
[WhiteElo "2020"]
[BlackElo "1959"]
[PlyCount "97"]
[EventDate "2016.??.??"]
[WhiteTeam "SK Zirndorf"]
[BlackTeam "SC Höchstadt/Aisch"]

1. e4 c5 2. Nf3 Nc6 3. d4 cxd4 4. Nxd4 Nf6 5. Nc3 e5 6. Ndb5 d6 7. Bg5 a6 8.
Na3 b5 9. Nd5 Be7 10. Bxf6 Bxf6 11. c4 b4 12. Nc2 Rb8 13. b3 Bg5 14. Be2 O-O
15. O-O Be6 16. Bf3 a5 17. Qd3 Qd7 18. Nde3 g6 19. Rfd1 Rbd8 20. a3 Qb7 21.
axb4 axb4 22. Ra4 Ra8 23. Rda1 Rxa4 24. Rxa4 Ra8 25. Rxa8+ Qxa8 26. Qxd6 Be7
27. Qd3 Qa2 28. Bd1 Bc5 29. h3 Kg7 30. Ne1 h5 31. Nf3 f6 32. Qd2 Qb1 33. Qc2
Qa1 34. Qd2 Qb1 35. Qc2 Qa1 36. Kh2 Nd4 37. Nxd4 Qxd4 38. Bf3 Kh6 39. Qc1 Kg7
40. Qd1 Qb2 41. Kg1 Kh6 42. Qd8 Kg7 43. Qc7+ Bf7 44. Qxc5 Qxb3 45. Qb5 Qb1+ 46.
Bd1 f5 47. Qxe5+ Kg8 48. exf5 b3 49. Qb8+ 1-0

[Event "Pyramiden Cup 2016"]
[Site "Fuerth"]
[Date "2016.09.03"]
[Round "6.24"]
[White "Lodes, Hermann"]
[Black "Schloetterer, Hermann"]
[Result "1-0"]
[WhiteElo "2169"]
[BlackElo "1843"]
[PlyCount "73"]
[EventDate "2016.??.??"]
[WhiteTeam "vereinslos"]
[BlackTeam "Zabo-Eintracht Nürnberg"]

1. c4 Nf6 2. g3 c5 3. Bg2 g6 4. Nc3 Bg7 5. Nf3 Nc6 6. d4 cxd4 7. Nxd4 O-O 8.
O-O e5 9. Ndb5 a6 10. Nd6 Qb6 11. Na4 Qc7 12. Be3 Nd4 13. c5 Ng4 14. Bxd4 exd4
15. Nb6 Rb8 16. Rc1 Ne5 17. Qb3 Bh6 18. Rc2 Kg7 19. Qa4 Nc6 20. Ndxc8 Rbxc8 21.
Nxc8 d3 22. exd3 Rxc8 23. Re1 Bg5 24. Bxc6 dxc6 25. Rce2 Rd8 26. Qc2 Bf6 27.
Re4 Rd5 28. b4 Qd7 29. R1e3 Rf5 30. Qe2 Qd5 31. a3 h5 32. Rf3 Rg5 33. Rxf6 Kxf6
34. Qb2+ Kf5 35. Rf4+ Ke6 36. Qf6+ Kd7 37. Rd4 1-0

[Event "Pyramiden Cup 2016"]
[Site "Fuerth"]
[Date "2016.09.03"]
[Round "6.25"]
[White "Hirn, Oskar"]
[Black "Fischer, Daniel"]
[Result "1/2-1/2"]
[WhiteElo "2238"]
[BlackElo "2042"]
[PlyCount "26"]
[EventDate "2016.??.??"]
[WhiteTeam "SC NT Nürnberg"]
[BlackTeam "SVG Offenburg"]

1. d4 d6 2. e4 Nf6 3. Nc3 e5 4. Nf3 exd4 5. Nxd4 Be7 6. Be2 O-O 7. O-O c5 8.
Nf3 Nc6 9. h3 h6 10. Bf4 Be6 11. Re1 d5 12. exd5 Nxd5 13. Nxd5 Qxd5 1/2-1/2

[Event "Pyramiden Cup 2016"]
[Site "Fuerth"]
[Date "2016.09.03"]
[Round "6.26"]
[White "Braun, Michael"]
[Black "Kellmann, Andreas"]
[Result "1-0"]
[WhiteElo "2051"]
[BlackElo "1858"]
[PlyCount "87"]
[EventDate "2016.??.??"]
[WhiteTeam "SG Büchenbach/Roth"]
[BlackTeam "SG Büchenbach/Roth"]

1. d4 f5 2. g3 Nf6 3. Bg2 g6 4. b3 Bg7 5. Bb2 d6 6. Nf3 O-O 7. O-O c6 8. c4 a5
9. Nc3 Na6 10. e3 Qc7 11. d5 Nc5 12. Nd4 e5 13. dxe6 Nxe6 14. Nde2 Nc5 15. Qc2
Be6 16. Nf4 Bf7 17. Rad1 Rad8 18. Ba3 Rfe8 19. h4 Nfe4 20. Nxe4 Nxe4 21. Rd3
Nc5 22. Rd2 Ne4 23. Rd3 Nc5 24. Rdd1 Ne4 25. Bf3 b6 26. Kg2 Nc5 27. Nh3 Re7 28.
Ng5 h5 29. Rd2 Red7 30. Rfd1 Bf6 31. Bb2 Bxb2 32. Qxb2 Ne6 33. Nh3 Nf8 34. e4
fxe4 35. Bxe4 d5 36. cxd5 Bxd5 37. Bxd5+ Rxd5 38. Rxd5 Rxd5 39. Rxd5 cxd5 40.
Nf4 d4 41. Qxd4 Nd7 42. Qd5+ Kh8 43. Nxg6+ Kg7 44. Nf4 1-0

[Event "Pyramiden Cup 2016"]
[Site "Fuerth"]
[Date "2016.09.03"]
[Round "6.27"]
[White "Miosga, Stefan"]
[Black "Wenninger, Patrick"]
[Result "0-1"]
[WhiteElo "1871"]
[BlackElo "1866"]
[PlyCount "60"]
[EventDate "2016.??.??"]
[WhiteTeam "SP Plesse Bovenden"]
[BlackTeam "Heilbronner SV"]

1. e4 c6 2. d4 d5 3. Nc3 dxe4 4. Nxe4 Bf5 5. Ng3 Bg6 6. h4 h6 7. h5 Bh7 8. Nf3
e6 9. Bd3 Bxd3 10. Qxd3 Nf6 11. Bd2 Be7 12. O-O-O Nbd7 13. Qe2 O-O 14. Nf1 c5
15. g4 Nxg4 16. Rg1 f5 17. dxc5 e5 18. Bc3 Qc7 19. Ne3 Nxe3 20. fxe3 Rad8 21.
Qc4+ Kh8 22. Rxd7 Qxd7 23. Nxe5 Qe8 24. Qe6 Bg5 25. Ng6+ Kh7 26. Nxf8+ Qxf8 27.
Bd4 f4 28. c3 fxe3 29. Bxe3 Qf2 30. Rxg5 Qe1+ 0-1

[Event "Pyramiden Cup 2016"]
[Site "Fuerth"]
[Date "2016.09.03"]
[Round "6.28"]
[White "Straschewski, Joerg"]
[Black "Kroneder, Christian"]
[Result "0-1"]
[WhiteElo "1927"]
[BlackElo "2070"]
[PlyCount "56"]
[EventDate "2016.??.??"]
[WhiteTeam "TSV Cadolzburg"]
[BlackTeam "SK Schwanstetten"]

1. d4 Nf6 2. c4 g6 3. Nc3 Bg7 4. e4 d6 5. f3 O-O 6. Bg5 c5 7. d5 e6 8. Qd2 exd5
9. cxd5 a6 10. a4 Qa5 11. Ra3 Nbd7 12. Nh3 Ne5 13. Nf2 Qb4 14. a5 b5 15. axb6
Qxb6 16. Be2 Rb8 17. Ra2 Ra8 18. O-O Bb7 19. f4 Ned7 20. Nfd1 Rfe8 21. Bf3 c4+
22. Kh1 Nc5 23. Ne3 Ncxe4 24. Nxc4 Nxd2 25. Nxb6 Nxf1 26. Nxa8 Nd2 27. Ra1 Nxf3
28. gxf3 Rxa8 0-1

[Event "Pyramiden Cup 2016"]
[Site "Fuerth"]
[Date "2016.09.03"]
[Round "6.29"]
[White "Bader, Dominic"]
[Black "Wieczorek, Heinz"]
[Result "1-0"]
[WhiteElo "2066"]
[BlackElo "1793"]
[PlyCount "33"]
[EventDate "2016.??.??"]
[WhiteTeam "SG Büchenbach/Roth"]
[BlackTeam "SW Nürnberg Süd"]

1. d4 Nf6 2. Nf3 e6 3. e3 c5 4. b3 d5 5. Bb2 Nc6 6. Bd3 Be7 7. Nbd2 Bd7 8. a3
a5 9. Ne5 O-O 10. h4 Nxe5 11. dxe5 Ne8 12. Qh5 g6 13. Qh6 Ng7 14. Nf3 c4 15.
Ng5 Bxg5 16. hxg5 Nh5 17. Rxh5 1-0

[Event "Pyramiden Cup 2016"]
[Site "Fuerth"]
[Date "2016.09.03"]
[Round "6.31"]
[White "Mix, Thomas"]
[Black "Hartmann, Thomas"]
[Result "1-0"]
[WhiteElo "1927"]
[BlackElo "2022"]
[PlyCount "63"]
[EventDate "2016.??.??"]
[WhiteTeam "SF Brannenburg"]
[BlackTeam "SC Weiße Dame Ulm"]

1. Nf3 Nf6 2. g3 d5 3. Bg2 Bf5 4. d3 c6 5. O-O h6 6. Nbd2 e6 7. c3 Be7 8. Re1
O-O 9. Qb3 Qc8 10. e4 dxe4 11. dxe4 Bh7 12. e5 Nfd7 13. Ne4 Bxe4 14. Rxe4 Nc5
15. Qc2 Nxe4 16. Qxe4 f5 17. exf6 Rxf6 18. Be3 Na6 19. Bf1 Nc5 20. Bxc5 Bxc5
21. Bd3 Kf8 22. Ne5 Rxf2 23. Kh1 Ke7 24. Bc4 Rf6 25. Ng4 Bd6 26. Nxf6 gxf6 27.
Re1 Be5 28. Qh7+ Kf8 29. Rd1 Ke8 30. Be2 Qc7 31. Bh5+ Kf8 32. Qh8+ 1-0

[Event "Pyramiden Cup 2016"]
[Site "Fuerth"]
[Date "2016.09.03"]
[Round "6.32"]
[White "Suess, Helmut"]
[Black "Cipra, Lothar"]
[Result "1-0"]
[WhiteElo "1910"]
[BlackElo "1965"]
[PlyCount "61"]
[EventDate "2016.??.??"]
[WhiteTeam "SC NT Nürnberg"]
[BlackTeam "SK Schwanstetten"]

1. d4 Nf6 2. Bf4 d5 3. e3 e6 4. c4 Be7 5. Nc3 O-O 6. Bd3 b6 7. Nf3 Bb7 8. cxd5
Nxd5 9. Nxd5 exd5 10. Qc2 Bb4+ 11. Ke2 Ba6 12. Bxa6 Nxa6 13. Qa4 Qc8 14. a3 Be7
15. Qc6 Qe6 16. Rac1 Bd6 17. Bxd6 cxd6 18. Qb7 Nc5 19. dxc5 dxc5 20. Qa6 f5 21.
Rxc5 f4 22. Rc3 Qg6 23. Rhc1 fxe3 24. Rxe3 Qxg2 25. Qb7 Rae8 26. Qxd5+ Kh8 27.
Rcc3 Rd8 28. Qg5 Qh3 29. Rc7 Rd7 30. Rxd7 Qxd7 31. Re7 1-0

[Event "Pyramiden Cup 2016"]
[Site "Fuerth"]
[Date "2016.09.03"]
[Round "6.33"]
[White "Petrashov, Alexander"]
[Black "Faralisz, Patrick"]
[Result "1-0"]
[WhiteElo "1785"]
[BlackElo "1793"]
[PlyCount "115"]
[EventDate "2016.??.??"]
[WhiteTeam "SC NT Nürnberg"]
[BlackTeam "SC NT Nürnberg"]

1. d4 d5 2. c4 e6 3. Nf3 Nf6 4. e3 c6 5. Nc3 Nbd7 6. Bd2 Bd6 7. Bd3 O-O 8. O-O
dxc4 9. Bxc4 e5 10. Qc2 Qe7 11. Bd3 Re8 12. Ng5 h6 13. Nge4 Bc7 14. a3 Nxe4 15.
Nxe4 Nf6 16. Rfe1 Nxe4 17. Bxe4 Be6 18. Bb4 Bd6 19. Bxd6 Qxd6 20. Qc5 Qxc5 21.
dxc5 Rad8 22. Bc2 Rd2 23. Rac1 Red8 24. Red1 Kf8 25. Rxd2 Rxd2 26. b3 Ke7 27.
h3 Kf6 28. Kf1 Bf5 29. e4 Be6 30. Ke1 Rd8 31. Rd1 Rxd1+ 32. Kxd1 Kg5 33. Kd2
Kf4 34. a4 f6 35. Ke2 Bf7 36. g3+ Kg5 37. Kf3 Be6 38. Kg2 g6 39. b4 f5 40. b5
Bc4 41. bxc6 bxc6 42. a5 Bb5 43. f4+ exf4 44. h4+ Kf6 45. gxf4 fxe4 46. Bxe4 g5
47. fxg5+ hxg5 48. h5 Kg7 49. Kg3 Kh6 50. Bf3 a6 51. Kg4 Ba4 52. Kf5 Bb5 53.
Kf6 Ba4 54. Be2 Bc2 55. Bxa6 g4 56. Bf1 g3 57. Bg2 Ba4 58. a6 1-0

[Event "Pyramiden Cup 2016"]
[Site "Fuerth"]
[Date "2016.09.03"]
[Round "6.34"]
[White "Brem, Stephan"]
[Black "Pfadenhauer, Tobias"]
[Result "1-0"]
[WhiteElo "2114"]
[BlackElo "1819"]
[PlyCount "93"]
[EventDate "2016.??.??"]
[WhiteTeam "SU Ebersberg-Grafing"]
[BlackTeam "Kronacher SK"]

1. Nc3 g6 2. h4 Nf6 3. e4 d6 4. Be2 c5 5. h5 Bg7 6. h6 Bf8 7. d4 cxd4 8. Qxd4
Nc6 9. Bb5 Bd7 10. Bxc6 Bxc6 11. Bg5 e5 12. Qd3 Be7 13. Rd1 O-O 14. Bxf6 Bxf6
15. Nd5 Bxd5 16. Qxd5 Be7 17. Ne2 Qb6 18. b3 Rac8 19. c4 Rfd8 20. Nc3 Bf8 21.
Rh3 Qb4 22. Ke2 Bxh6 23. Rxh6 Qxc3 24. Rxh7 Qc2+ 25. Rd2 Qxd2+ 26. Kxd2 Kxh7
27. Qxf7+ Kh6 28. Qxb7 Ra8 29. Qa6 Rf8 30. Ke3 Rfd8 31. Kf3 Rf8+ 32. Kg3 Rf4
33. f3 Raf8 34. Qxd6 Kh5 35. Qxe5+ g5 36. c5 Kh6 37. b4 a6 38. a4 R8f6 39. b5
axb5 40. axb5 Rf7 41. c6 R4f6 42. c7 g4 43. c8=Q Kg6 44. Qxg4+ Kh7 45. Qeh5+
Rh6 46. Qxf7+ Kh8 47. Qfg8# 1-0

[Event "Pyramiden Cup 2016"]
[Site "Fuerth"]
[Date "2016.09.03"]
[Round "6.35"]
[White "Khalil, Shayar"]
[Black "Grafe, Wilhelm"]
[Result "1-0"]
[WhiteElo "1846"]
[BlackElo "2158"]
[PlyCount "37"]
[EventDate "2016.??.??"]
[WhiteTeam "SC Ansbach"]
[BlackTeam "SC NT Nürnberg"]

1. d4 Nf6 2. c4 g6 3. Nc3 Bg7 4. e4 O-O 5. e5 Ne8 6. f4 d6 7. Nf3 Bg4 8. Be2
Nd7 9. O-O c5 10. Ng5 cxd4 11. Bxg4 dxc3 12. e6 cxb2 13. Bxb2 Qb6+ 14. Kh1 Qxb2
15. exf7+ Rxf7 16. Qd5 e6 17. Bxe6 Nb6 18. Bxf7+ Kh8 19. Qe6 1-0

[Event "Pyramiden Cup 2016"]
[Site "Fuerth"]
[Date "2016.09.03"]
[Round "6.36"]
[White "Dippel, Joerg"]
[Black "Suess, Stefan"]
[Result "0-1"]
[WhiteElo "1799"]
[BlackElo "2049"]
[PlyCount "44"]
[EventDate "2016.??.??"]
[WhiteTeam "SC And Nbg"]
[BlackTeam "SC NT Nürnberg"]

1. e4 e6 2. d4 d5 3. e5 c5 4. c3 Nc6 5. Nf3 Qb6 6. a3 Bd7 7. Be2 Nh6 8. dxc5
Bxc5 9. O-O Ng4 10. Qe1 Ngxe5 11. b4 Bd6 12. a4 O-O 13. b5 Nxf3+ 14. Bxf3 Ne5
15. Be2 Rac8 16. Kh1 Nc4 17. f4 Ne3 18. Rf3 Nc2 19. Qh4 Nxa1 20. Bd3 f5 21. Rh3
h6 22. Be3 Bc5 0-1